Detalles MARC
| 000 -LÍDER |
| Campo fijo de descripción fija |
01407nam a2200325 i 4500 |
| 001 - NÚMERO DE CONTROL |
| Campo de control |
768714001 |
| 003 - IDENTIFICADOR DEL NÚMERO DE CONTROL |
| Campo de control |
CO-MdFUSB |
| 005 - FECHA Y HORA DE LA ULTIMA TRANSACCIÓN |
| control field |
20230928121602.0 |
| 007 - CAMPO FIJO DE DESCRIPCIÓN FIJA--INFORMACIÓN GENERAL |
| Campo fijo de descripción fija |
ta |
| 008 - ELEMENTOS DE LONGITUD FIJA -- INFORMACIÓN GENERAL |
| Campo fijo de descripción fija -- Información general |
230922t19931993cr ||||g |||| 00| 0 spa d |
| 020 ## - NÚMERO INTERNACIONAL NORMALIZADO PARA LIBROS |
| Número Internacional Normalizado del libro |
9968972401 |
| 040 ## - FUENTE DE CATALOGACIÓN |
| Agencia de catalogación original |
CO-MdFUSB |
| Idioma de catalogación |
spa |
| Agencia que realiza la transcripción |
CO-MdFUSB |
| Agencia que realiza la modificación |
CO-MdFUSBC |
| Convenciones de la descripción |
rda |
| 041 ## - CÓDIGO DE IDIOMA |
| Código de idioma para texto/pista de sonido o título separado |
spa |
| 082 ## - NÚMERO DE CLASIFICACIÓN DECIMAL DEWEY |
| Número de la edición del Dewey |
23 |
| Número de clasificación |
220.92082 |
| Clave de autor-Numero de item |
H368 |
| 100 ## - ASIENTO PRINCIPAL--NOMBRE PERSONAL |
| Nombre personal |
Haubert, Katherine M, |
| Término relacionador |
autor |
| 245 13 - TÍTULO |
| Título del Material |
La mujer en la Biblia |
| Parte restante del título - Subtitulo |
: implicaciones para el liderazgo femenino en la iglesia |
| Mención de responsabilidad, etc. |
/ Katherine Haubert ; traducido por Gabriela Mata |
| 264 #1 - PRODUCCIÓN, PUBLICACIÓN, DISTRIBUCIÓN, MANUFACTURA, Y COPYRIGHT |
| Lugar de producción, publicación, distribución, manufactura |
Costa Rica : |
| Nombre del productor, publicador, distribuidor |
Visión Mundial, |
| Fecha de producción, publicación, distribución, manufactura, o copyright |
[1993] |
| 264 #4 - PRODUCCIÓN, PUBLICACIÓN, DISTRIBUCIÓN, MANUFACTURA, Y COPYRIGHT |
| Fecha de producción, publicación, distribución, manufactura, o copyright |
©1993 |
| 300 ## - DESCRIPCIÓN FÍSICA |
| Extensión |
120 páginas |
| Dimensiones |
; 21 cm. |
| 336 ## - TIPO DE CONTENIDO |
| Fuente |
rdacontent |
| Término de tipo de contenido |
texto |
| Código de tipo de contenido |
txt |
| 337 ## - TIPO DE MEDIO |
| Fuente |
rdamedia |
| Nombre del tipo de medio |
sin mediación |
| Código del tipo de medio |
n |
| 338 ## - TIPO DE SOPORTE |
| Fuente |
rdacarrier |
| Nombre del tipo de soporte |
volumen |
| Código Tipo de soporte |
nc |
| 504 ## - NOTA DE BIBLIOGRAFÍA, ETC. |
| Nota de bibliografía, etc |
Incluye índice y bibliografía |
| 505 ## - NOTA DE CONTENIDO |
| Nota de contenido con formato preestablecido |
I. Introducción: ¿Es Dios masculino o femenino? -- ¿Son inferiores las mujeres? -- ¿Qué paso en la caída? -- ¿Favoreció Jesús la liberación femenina? -- ¿Le disgustaban a pablo las mujeres? II. Hoja de cálculo: ¿Qué significa ser cabeza? -- ¿Están subordinadas las mujeres? -- ¿Quién tiene la autoridad? -- ¿Puede una mujer enseñar? -- ¿Deberían las mujeres ocupar puestos de liderazgos? |
| 563 ## - NOTA DE ENCUADERNACIÓN |
| Nota de encuadernación |
Rústico |
| 650 #7 - ASIENTO SECUNDARIO DE MATERIA - TERMINO TEMÁTICO |
| 9 (RLIN) |
327 |
| Término temático o nombre geográfico como elemento de entrada |
Mujeres en la Biblia |
| 700 ## - ASIENTO SECUNDARIO - NOMBRE PERSONAL |
| 9 (RLIN) |
8476 |
| Nombre personal |
Mata, Gabriela, |
| Responsabilidad |
traductor |
| 942 ## - TIPO DE MATERIAL (KOHA) |
| Tipo de Item KOHA |
Libros General |
| 945 ## - INFORMACIÓN LOCAL DEL REGISTRO |
| Catalogador |
sor1564 |